[Event "Cali Loyola Cup 13th"]
[Site "Cali"]
[Date "2011.08.27"]
[Round "7.7"]
[White "Cordoba Narvaez, Joan Alexis"]
[Black "Osorio Gracia, Luis Alberto"]
[Result "0-1"]
[WhiteElo "1600"]
[BlackElo "1591"]
[PlyCount "44"]
[EventDate "2011.08.25"]
[EventType "swiss"]
[EventRounds "7"]
[EventCountry "COL"]
[SourceTitle "EXT 2024"]
[Source "ChessBase"]
[SourceDate "2023.10.10"]
[SourceVersion "1"]
[SourceVersionDate "2023.10.10"]
[SourceQuality "1"]

1. Nf3 d5 2. e4 dxe4 3. Ng5 e3 4. Qf3 exf2+ 5. Qxf2 Nf6 6. Bc4 e6 7. Bb3 Nc6 8. 0-0 Qd4 9. d3 Qxf2+ 10. Kxf2 Bc5+ 11. Be3 Ng4+ 12. Ke2 Bxe3 13. Nxf7 0-0 14. h3 Nd4+ 15. Kd1 Nh2 16. Re1 Rxf7 17. Rxe3 Rf1+ 18. Kd2 Nxb3+ 19. axb3 Bd7 20. c3 Raf8 21. Rg3 R1f5 22. Rxa7 Nf1+ 0-1